000 00443cam a2200145 4500500
005 20260111102010.0
041 _afre
042 _adc
100 1 0 _aKhan, Zarina
_eauthor
245 0 0 _aLa résistance ou tous les temps de l'éternité
260 _c2005.
500 _a69
786 0 _nEmpan | 57 | 1 | 2005-03-01 | p. 116-120 | 1152-3336
856 4 1 _uhttps://shs.cairn.info/revue-empan-2005-1-page-116?lang=fr&redirect-ssocas=7080
999 _c1629757
_d1629757